|
|
|
|
| LEADER |
01884nmm a2200373 a 4500 |
| 001 |
000683645 |
| 003 |
CZ BrMZK |
| 005 |
20040226103037.0 |
| 008 |
030825s2002 xr e p 000 0 cze d |
| 020 |
|
|
|a 80-245-0563-0
|q (v příloze (brož.) neuvedeno)
|
| 040 |
|
|
|a BOA001
|c ze
|d BOA001
|
| 072 |
|
7 |
|a 657
|x Účetnictví
|2 Konspekt
|9 4
|
| 072 |
|
7 |
|a 37.016
|x Učební osnovy. Vyučovací předměty. Učebnice
|2 Konspekt
|9 22
|
| 080 |
|
|
|a 657.11
|2 MRF
|
| 080 |
|
|
|a (075.8)
|2 MRF
|
| 080 |
|
|
|a (0.034.44)
|2 MRF
|
| 100 |
1 |
|
|a Cardová, Zdenka,
|d 1951-
|7 ola2003191636
|4 aut
|
| 245 |
1 |
0 |
|a Účetnictví individuálního podnikatele
|h [elektronický zdroj] :
|b FU_311 : (2 kredity) : multimediální učební pomůcka /
|c autor textu Zdeňka Cardová
|
| 246 |
3 |
3 |
|a FU_311 Účetnictví individuálního podnikatele
|
| 260 |
|
|
|a V Praze :
|b [Oeconomica],
|c 2002
|
| 300 |
|
|
|a 1 elektronický optický disk (CD-ROM) :
|b barev. ;
|c 12 cm +
|e 1 příručka (16 s.)
|
| 500 |
|
|
|a Název z příručky
|
| 500 |
|
|
|a Nad názvem: Vysoká škola ekonomická v Praze, Fakulta financí a účetnictví
|
| 500 |
|
|
|a Sériové číslo: 9003-0005
|
| 504 |
|
|
|a Příloha obsahuje bibliografie
|
| 520 |
|
|
|a Jednoduché účetnictví - peněžní deník, kniha pohledávek a závazků, ostatní evidence. Daňové souvislosti. Inventarizace. Uzavření účetních knih a daňové přiznání
|
| 538 |
|
|
|a Požadavky na systém: prohlížeč Zoner Context (na disku)
|
| 650 |
0 |
7 |
|a jednoduché účetnictví
|7 ph114822
|2 czenas
|
| 655 |
|
7 |
|a učebnice vysokých škol
|7 fd133772
|2 czenas
|
| 655 |
|
7 |
|a CD-ROM
|7 fd133955
|2 czenas
|
| 710 |
2 |
|
|a Vysoká škola ekonomická v Praze.
|b Fakulta financí a účetnictví
|7 kn20010709398
|
| 910 |
|
|
|a BOA001
|b CDR2-1122.889
|
| 990 |
|
|
|a CF
|
| 996 |
6 |
|
|b 2610197063
|c CDR2-1122.889
|l Stud. periodik/2.patro
|r Sklad / do 1 hodiny
|n 0
|p p.v.
|w 000683645
|u 000010
|a 1
|e BOA001
|j MZK50
|s P
|